00915nam a22001937a 4500003000500000005001700005008004100022050002100063100002700084245016100111260005700272300003900329440004200368500016300410650006100573700002600634700003100660700003000691SISC20180201101636.0180201b xxu||||| |||| 00| 0 eng d aQD 41 .P38b2016 aPatalinghug, Wyona C.  aGeneral chemistry 1:bspecialized subject academic-STEM / cWyona C. Patalinghug, Vic Marie I. Camacho, Fortunato B. Sevilla III, Maria Cristina D. Singson. aQuezon City:bCommission on Higher Education,c2016. a312 pages:billustrations;c28 cm. aTeaching guide for senior high school aThis teaching guide by the Commission on Higher Education is licensed under a Creative Commons Attribution-NonCommercial-ShareAlike 4.0 International License. 2Library of Congress Subject Headings aGeneral chemistry aCamacho, Vic Marie I. aSingson, Maria Cristina D. aSevilla, Fortunato B. III